Regulació d'accessos de la vall de Sau : Espai Natural de les Guilleries-Savassona Espai Natural de les Guilleries-Savassona
Descripción Física:
1 díptic ; il. col. ; 10 x 21 cm
Idioma:
Catalán
MARC
| LEADER | 00000nam a22000007a 4500 | ||
|---|---|---|---|
| 001 | 27517 | ||
| 003 | Arxiu | ||
| 005 | 20260324181155.0 | ||
| 008 | 230314b spa||||| |||| 00| 0 cat d | ||
| 017 | |a B 18632-2022 | ||
| 040 | |a agdb |b cat | ||
| 110 | 1 | |9 52664 |a Espai Natural de les Guilleries-Savassona (Catalunya) | |
| 245 | |a Regulació d'accessos de la vall de Sau : |b Espai Natural de les Guilleries-Savassona | ||
| 260 | |a Barcelona : |b Diputació de Barcelona. Xarxa de Parcs Naturals ; |c 2022 | ||
| 300 | |a 1 díptic ; |b il. col. ; |c 10 x 21 cm | ||
| 610 | 0 | |9 55969 |a Espai Natural de les Guilleries-Savassona (Catalunya) |x Normes | |
| 655 | 0 | |a Fulletons |9 55858 | |
| 710 | 1 | |9 7250 |a Barcelona (Catalunya : Província). |b Xarxa de Parcs Naturals | |
| 856 | |u https://parcs.diba.cat/documents/10344/168215889/GUIRegulacioSau_2022.pdf/c2e9265f-6626-e826-70ec-e2dd3ab4b3f9?t=1649057566740 |y Accés lliure (Portal de la Xarxa de Parcs Naturals) | ||
| 942 | |c ARXIU |n 1 | ||
| 952 | |0 0 |1 0 |2 udc |4 0 |7 1 |9 65606 |a Arxiu |b Arxiu |d 2023-03-14 |o FU-74-144 |p 27517 |r 2023-03-14 00:00:00 |w 2023-03-14 |y ARXIU | ||
| 999 | |c 83188 |d 83188 | ||